Sports Quiz

Random Sports Quiz
Score 0/26 Timer 10:00
0 Plays Today
Home Runs Player % Correct
382Ryan Howard
98.8%
548Mike Schmidt
97.9%
233Chase Utley
93.3%
216Jimmy Rollins
89.9%
251Pat Burrell
85.8%
101Jim Thome
73%
195Bobby Abreu
67.5%
223Greg Luzinski
66.9%
134Darren Daulton
62.4%
150Scott Rolen
58.8%
150Mike Lieberthal
58.1%
204Dick Allen
54.1%
243Chuck Klein
52.6%
Home Runs Player % Correct
124Von Hayes
45.2%
259Del Ennis
33.4%
100Juan Samuel
32%
185Johnny Callison
30.5%
217Cy Williams
22.8%
95Jayson Werth
22%
180Willie Jones
19.5%
95 Sam Thompson
17%
103Granny Hamner
13.9%
117Gavvy Cravath
13.2%
123Andy Seminick
12.1%
116Stan Lopata
7.8%
112Don Hurst
5.2%

You're not logged in!

Compare scores with friends on all Sporcle quizzes.
OR
Log In

Sporcle TV

Today on Sporcle TV


Watch our educational content, quiz creation guides, and fun videos on Sporcle TV.

Show Comments

Extras

Top Quizzes Today


Score Distribution

Paid Content

Your Account Isn't Verified!

In order to create a playlist on Sporcle, you need to verify the email address you used during registration. Go to your Sporcle Settings to finish the process.

Report this User

Report this user for behavior that violates our Community Guidelines.

Details: